Instructor's manual to accompany Auditing integrated concepts and procedures

Uloženo v:
Podrobná bibliografie
Hlavní autoři: Taylor, Donald H (Autor), Glezen, G. William (Autor)
Médium: Kniha
Jazyk:angličtina
Vydáno: Nueva York John Wiley 1982
Vydání:2a. ed
Témata:
Tagy: Přidat tag
Žádné tagy, Buďte první, kdo vytvoří štítek k tomuto záznamu!

MARC

LEADER 00000nam a2200000 a 4500
001 UCQ0291
003 CL-VaPUC
008 980627e19820000US |||||||||||||||||eng|d
082 0 4 |a 657.45  |b TAY  |2 21 
100 0 |a Taylor, Donald H  |e author  |9 413470 
700 0 |a Glezen, G. William  |e author  |9 413471 
245 1 0 |a Instructor's manual to accompany Auditing integrated concepts and procedures 
250 |a 2a. ed 
300 |a 426 p 
942 |c BK 
945 |d 19980627 00:00:00  |a cmena 
260 |a Nueva York  |b John Wiley  |c 1982 
650 0 |a Auditoría  |9 307008 
650 0 |a Contabilidad de costos   |9 260564 
650 0 |a Costos   |9 261063 
650 0 |a Estados de cuentas  |9 352305 
650 0 |a Administración financiera  |9 261146 
583 |a last modification  |c 19980627 00:00:00  |k Rodrigo Vera 
999 |c 271430  |d 271428 
952 |0 0  |1 0  |4 0  |6 657_450000000000000_TAY_1982  |7 0  |8 P  |9 306079  |a BIBGIM  |b BIBGIM  |d 2019-11-20  |i 1428055  |o 657.45 TAY 1982  |p 1428055  |r 2025-01-15  |w 2019-11-20  |y BK  |k COM